[Event "Val Thorens op"]
[Site "Val Thorens"]
[Date "1995.??.??"]
[Round "?"]
[White "Todorov, Ognjan"]
[Black "Texereau, S."]
[Result "1-0"]
[WhiteElo "2410"]
[BlackElo "1900"]
[PlyCount "65"]
[EventDate "1995.??.??"]
[EventType "swiss"]
[EventRounds "9"]
[EventCountry "FRA"]
[SourceTitle "EXT 1999"]
[Source "ChessBase"]
[SourceDate "1998.11.16"]
[SourceVersion "1"]
[SourceVersionDate "1998.11.16"]
[SourceQuality "1"]

1. d4 c5 2. d5 e5 3. e4 d6 4. Nc3 Be7 5. Nf3 Bg4 6. h3 Bxf3 7. Qxf3 Bg5 8. Bxg5 Qxg5 9. Nb5 Qd8 10. Qg4 Kf8 11. 0-0-0 Nf6 12. Qf3 a6 13. Nc3 b5 14. g4 g6 15. Ne2 Nbd7 16. Ng3 Ne8 17. h4 Qf6 18. Qe2 Nc7 19. g5 Qd8 20. Bh3 b4 21. Qg4 Nb6 22. f4 exf4 23. Qxf4 Nc4 24. e5 Nxe5 25. Ne4 Ne8 26. Nxc5 dxc5 27. Qxe5 Rg8 28. d6 a5 29. d7 Nc7 30. Qxc5+ Kg7 31. Qe5+ Kf8 32. Rhf1 Ra6 33. Qxc7 1-0